000
00331nam a22001457a 4500
008
250114b ||||| |||| 00| 0 eng d
020
_a
9789951982160
041
_a
SHQIP
080
_2
QAR
_a
72
082
_2
72
100
_a
20
101
_a
NDER
245
_a
UJEMBLEDHESI I LUMIT BLINAJE
_c
QADRAKU .S.HAZIR
942
_2
udc
_c
BK
999
_c
60634
_d
60634